000 00320nam a2200145Ia 4500
005 20250423101035.0
008 250422s9999 xx 000 0 und d
020 _a9780325522
050 _aPR 504 .D37/
100 _aDasylve, A. O.
245 0 _aStudies in poetry
260 _c2005
300 _a222 p
942 _cBK
999 _c35103
_d35103